<?xml version="1.0" encoding="UTF-8"?><record xmlns="http://www.loc.gov/MARC21/slim" xmlns:zs="http://docs.oasis-open.org/ns/search-ws/sruResponse">
  <leader>02827cam a22005415a 4500</leader>
  <controlfield tag="001">17928872</controlfield>
  <controlfield tag="005">20250607055144.6</controlfield>
  <controlfield tag="008">131103s1851    cc a          000 0 chi  </controlfield>
  <datafield ind1=" " ind2=" " tag="035">
    <subfield code="a">17928872</subfield>
  </datafield>
  <datafield ind1=" " ind2=" " tag="906">
    <subfield code="a">0</subfield>
    <subfield code="b">ibc</subfield>
    <subfield code="c">orignew</subfield>
    <subfield code="d">u</subfield>
    <subfield code="e">ncip</subfield>
    <subfield code="f">20</subfield>
    <subfield code="g">y-nonroman</subfield>
  </datafield>
  <datafield ind1=" " ind2=" " tag="955">
    <subfield code="h">th78 2013-10-30</subfield>
  </datafield>
  <datafield ind1=" " ind2=" " tag="955">
    <subfield code="a">LCAP batch update 2025-06-02-04:00: LCAPM-644</subfield>
  </datafield>
  <datafield ind1=" " ind2=" " tag="010">
    <subfield code="a">  2012402493</subfield>
  </datafield>
  <datafield ind1=" " ind2=" " tag="040">
    <subfield code="a">DLC</subfield>
    <subfield code="c">DLC</subfield>
  </datafield>
  <datafield ind1=" " ind2=" " tag="066">
    <subfield code="c">$1</subfield>
  </datafield>
  <datafield ind1=" " ind2=" " tag="090">
    <subfield code="a">A132.52 C47.2</subfield>
  </datafield>
  <datafield ind1=" " ind2=" " tag="090">
    <subfield code="a">A134.2 C851</subfield>
  </datafield>
  <datafield ind1="1" ind2=" " tag="100">
    <subfield code="6">880-01</subfield>
    <subfield code="a">Zhu, Xi,</subfield>
    <subfield code="d">1130-1200.</subfield>
  </datafield>
  <datafield ind1="1" ind2=" " tag="880">
    <subfield code="6">100-01/$1</subfield>
    <subfield code="a">朱熹,</subfield>
    <subfield code="d">1130-1200.</subfield>
  </datafield>
  <datafield ind1="1" ind2="0" tag="245">
    <subfield code="6">880-02</subfield>
    <subfield code="a">Yi jing :</subfield>
    <subfield code="b">si juan /</subfield>
    <subfield code="c">Zhu Xi ben yi.</subfield>
  </datafield>
  <datafield ind1="1" ind2="0" tag="880">
    <subfield code="6">245-02/$1</subfield>
    <subfield code="a">周易 :</subfield>
    <subfield code="b">四卷 /</subfield>
    <subfield code="c">朱熹本義.</subfield>
  </datafield>
  <datafield ind1="3" ind2=" " tag="246">
    <subfield code="6">880-03</subfield>
    <subfield code="i">Title on label on spine:</subfield>
    <subfield code="a">Zhou yi ben yi</subfield>
  </datafield>
  <datafield ind1="3" ind2=" " tag="880">
    <subfield code="6">246-03/$1</subfield>
    <subfield code="i">Title on label on spine:</subfield>
    <subfield code="a">周易本義</subfield>
  </datafield>
  <datafield ind1="3" ind2=" " tag="246">
    <subfield code="6">880-04</subfield>
    <subfield code="i">Title on added title page:</subfield>
    <subfield code="a">Liu jing zheng meng</subfield>
  </datafield>
  <datafield ind1="3" ind2=" " tag="880">
    <subfield code="6">246-04/$1</subfield>
    <subfield code="i">Title on added title page:</subfield>
    <subfield code="a">六經正蒙</subfield>
  </datafield>
  <datafield ind1=" " ind2=" " tag="250">
    <subfield code="6">880-05</subfield>
    <subfield code="a">[Qing Xianfeng yuan nian Xunyang Wan shi Lian feng shu ju ke ben].</subfield>
  </datafield>
  <datafield ind1=" " ind2=" " tag="880">
    <subfield code="6">250-05/$1</subfield>
    <subfield code="a">[清咸豐元年潯陽萬氏蓮峯書局刻本].</subfield>
  </datafield>
  <datafield ind1=" " ind2=" " tag="260">
    <subfield code="6">880-06</subfield>
    <subfield code="a">Xunyang :</subfield>
    <subfield code="b">Lian feng shu ju,</subfield>
    <subfield code="c">Qing Xianfeng yuan nian [1851]</subfield>
  </datafield>
  <datafield ind1=" " ind2=" " tag="880">
    <subfield code="6">260-06/$1</subfield>
    <subfield code="a">潯陽 :</subfield>
    <subfield code="b">蓮峯書局,</subfield>
    <subfield code="c">清咸豐元年 [1851]</subfield>
  </datafield>
  <datafield ind1=" " ind2=" " tag="300">
    <subfield code="a">2 v. :</subfield>
    <subfield code="b">ill.</subfield>
  </datafield>
  <datafield ind1=" " ind2=" " tag="336">
    <subfield code="a">text</subfield>
    <subfield code="b">txt</subfield>
    <subfield code="2">rdacontent</subfield>
  </datafield>
  <datafield ind1=" " ind2=" " tag="337">
    <subfield code="a">unmediated</subfield>
    <subfield code="b">n</subfield>
    <subfield code="2">rdamedia</subfield>
  </datafield>
  <datafield ind1=" " ind2=" " tag="338">
    <subfield code="a">volume</subfield>
    <subfield code="b">nc</subfield>
    <subfield code="2">rdacarrier</subfield>
  </datafield>
  <datafield ind1=" " ind2=" " tag="500">
    <subfield code="a">In case.</subfield>
  </datafield>
  <datafield ind1=" " ind2=" " tag="880">
    <subfield code="6">500-00/$1</subfield>
    <subfield code="a">清咸豐元年潯陽萬氏蓮峰書屋刻本 四周單邊 白口 無魚尾 匡高20.9寬14.2公分 白紙.</subfield>
  </datafield>
  <datafield ind1=" " ind2=" " tag="880">
    <subfield code="6">500-00/$1</subfield>
    <subfield code="a">九行十七字. Nine lines, with seventeen characters per line.</subfield>
  </datafield>
  <datafield ind1=" " ind2=" " tag="880">
    <subfield code="6">500-00/$1</subfield>
    <subfield code="a">書名葉正面題"易經"，背面牌記題"江右潯陽萬氏蓮峯書屋藏板"。書名葉前有綠紙扉葉，右大字題"六經正蒙"，左邊和背面有萬青銓識語，述擬刻《六經正蒙》緣由，此書應其中之一，但《六經正蒙》全書並未完成。正文卷端題"周易卷之一"，下無署名。正文前有"周易序"，"周易本義圖目"，圖說，"新增圖說"，"易學六十四卦啓蒙說（此說本來瞿堂）"，"附錄先淺原公讀易〓記"（後附萬青銓識語），"周易本義目錄"。無藏印.</subfield>
  </datafield>
  <datafield ind1=" " ind2=" " tag="530">
    <subfield code="a">Also available in digital form on the Library of Congress Web site.</subfield>
  </datafield>
  <datafield ind1="1" ind2=" " tag="541">
    <subfield code="a">Collection of Wang Shunan</subfield>
    <subfield code="d">April 3, 1929</subfield>
    <subfield code="e">379064.</subfield>
    <subfield code="5">DLC</subfield>
  </datafield>
  <datafield ind1=" " ind2="7" tag="650">
    <subfield code="6">880-07</subfield>
    <subfield code="a">Jing bu</subfield>
    <subfield code="x">Yi lei.</subfield>
    <subfield code="2">sk</subfield>
  </datafield>
  <datafield ind1=" " ind2="4" tag="880">
    <subfield code="6">650-07/$1</subfield>
    <subfield code="a">經部</subfield>
    <subfield code="x">易類.</subfield>
    <subfield code="2">sk</subfield>
  </datafield>
  <datafield ind1="2" ind2=" " tag="710">
    <subfield code="6">880-08</subfield>
    <subfield code="a">Lian feng shu wu,</subfield>
    <subfield code="e">cang ban.</subfield>
  </datafield>
  <datafield ind1="2" ind2=" " tag="880">
    <subfield code="6">710-08/$1</subfield>
    <subfield code="a">蓮峯書屋,</subfield>
    <subfield code="e">藏板.</subfield>
  </datafield>
  <datafield ind1="2" ind2=" " tag="710">
    <subfield code="a">Chinese Rare Book Collection (Library of Congress).</subfield>
    <subfield code="5">DLC</subfield>
  </datafield>
  <datafield ind1="4" ind2="1" tag="856">
    <subfield code="d">lcnclscd</subfield>
    <subfield code="f">2012402493</subfield>
    <subfield code="u">https://hdl.loc.gov/loc.asian/lcnclscd.2012402493</subfield>
  </datafield>
  <datafield ind1=" " ind2=" " tag="985">
    <subfield code="a">asian/lcnclscd</subfield>
  </datafield>
  <datafield ind1=" " ind2=" " tag="985">
    <subfield code="e">LCNCL</subfield>
  </datafield>
  <datafield ind1=" " ind2=" " tag="985">
    <subfield code="a">asian/asiancrb</subfield>
  </datafield>
</record>
